LIBRARY & INFORMATION CENTRE, KCAET, TAVANUR

ONLINE PUBLIC ACCESS CATALOGUE (OPAC)

STUDIES ON MICROWAVE STEAM DISTILLATION PROCESS FOR EXTRACTION OF TULSI ESSENTIAL OIL (Record no. 17594)

MARC details
000 -LEADER
fixed length control field 00512nam a22001697a 4500
003 - CONTROL NUMBER IDENTIFIER
control field OSt
082 ## - DEWEY DECIMAL CLASSIFICATION NUMBER
Classification number 630
088 ## - REPORT NUMBER
Report number P554
100 ## - MAIN ENTRY--AUTHOR NAME
Personal name MANJU, M
100 ## - MAIN ENTRY--AUTHOR NAME
Personal name SAFWAN ALI, A. C
100 ## - MAIN ENTRY--AUTHOR NAME
Personal name SHAHANAS, P
100 ## - MAIN ENTRY--AUTHOR NAME
Personal name PRADHYMN, JAWDHEKAR
245 ## - TITLE STATEMENT
Title STUDIES ON MICROWAVE STEAM DISTILLATION PROCESS FOR EXTRACTION OF TULSI ESSENTIAL OIL
260 ## - PUBLICATION, DISTRIBUTION, ETC. (IMPRINT)
Place of publication Thavanur
Year of publication 2022
700 ## - ADDED ENTRY--PERSONAL NAME
Personal name Dr prince M.V
942 ## - ADDED ENTRY ELEMENTS (KOHA)
Koha item type Project Report
260 ## - PUBLICATION, DISTRIBUTION, ETC. (IMPRINT)
-- Kelappaji College of Agricultural Engineering and Technology
Holdings
Collection code Home library Current library Shelving location Full call number Accession Number Koha item type
Reference KAUAET KAUAET Reference1 630 P554 Project Report
free website counter